00534nam a2200193 a 4500001001300000003000900013005001700022008004100039020001000080082001500090100002100105245007200126260005100198300000900249500003500258505001000293650001600303700002100319nice12345678IN_TiNIC20260116012103.0050524s1939 lona grp 000 0 eng  ac10000a270.6bHIG aHigham, Florence aFaith of Our Fathersb Men and Movements of the Seventeenth Century aLondonbStudent Christian Movement Pressc1939 a197p aincludes index and biblioraphy2 aIndex aReformation1 aHigham, Florence